|
|
|
|
| LEADER |
00000naa a2200000uu 4500 |
| 001 |
vtls010960469 |
| 003 |
SK-MaSNL |
| 005 |
20260302140146.0 |
| 008 |
220810|2001 xo |||||||||||||||||cze| |
| 015 |
|
|
|a SNBRA
|
| 035 |
|
|
|a (urnnbn)urn:nbn:sk:snk:ar-a0brcr
|
| 035 |
|
|
|a (uuid)2fd7bebe-8701-4290-8baa-2dcba04198e9
|
| 035 |
|
|
|a urn:nbn:sk:snk-aauj15
|
| 040 |
|
|
|a SNKBUCL
|b slo
|c SNKBUCL
|e AACR2
|
| 041 |
0 |
|
|a cze
|
| 044 |
|
|
|a xo
|c SK
|
| 100 |
1 |
|
|a Rieger, František,
|d 1942-
|4 aut
|9 233351
|
| 245 |
1 |
0 |
|a Vliv sklonu lopatek na suspendační účinky třílopatkového míchadla se šikmými lopatkami
|c František Rieger, Tomáš Jirout
|
| 246 |
3 |
|
|a Effect of pitch on particle suspension with pitched three-blade turbine
|
| 700 |
1 |
|
|a Jirout, Tomáš
|4 aut
|9 826033
|
| 773 |
0 |
|
|t Strojné inžinierstvo 2001
|d V Bratislave : Slovenská technická univerzita, 2001, 2001
|g S. 215-220
|z 8022716162
|
| 954 |
|
|
|a odborná, vedecká literatúra cudzojazyčná (svetová)
|2 lita
|
| 958 |
|
|
|a OND
|
| 958 |
|
|
|a article11
|
| 958 |
|
|
|a chapter
|
| 999 |
|
|
|c 1329520
|d 1331450
|